Тиристорные инверторы: библиографический обзор, 1965 г.; Ч. 3

Detaylı Bibliyografya
Diğer Yazarlar: Алексашкин А. А. (составитель), Гальпер Б. И., Левятов Б. И., Поселенов Л. Г.
Özet:Исключено из фонда НТБ ТПУ
Dil:Rusça
Baskı/Yayın Bilgisi: Москва, Информстандартэлектро, 1967
Materyal Türü: MixedMaterials Kitap
KOHA link:https://koha.lib.tpu.ru/cgi-bin/koha/opac-detail.pl?biblionumber=102356

MARC

LEADER 00000nam0a2200000 4500
001 102356
005 20231031112950.0
035 |a (RuTPU)RU\TPU\book\110373 
090 |a 102356 
100 |a 20060922d1967 k y0rusy50 ca 
101 0 |a rus 
102 |a RU 
105 |a y a 000zy 
200 1 |a Тиристорные инверторы  |e библиографический обзор, 1965 г.  |h Ч. 3  |f сост. А. А. Алексашкин, Б. И. Гальпер, Б. И. Левятов, Л. Г. Поселенов 
210 |a Москва  |c Информстандартэлектро  |d 1967 
215 |a 166 с. 
333 |a Исключено из фонда НТБ ТПУ 
702 1 |a Алексашкин  |b А. А.  |4 220 
702 1 |a Гальпер  |b Б. И.  |4 220 
702 1 |a Левятов  |b Б. И.  |4 220 
702 1 |a Поселенов  |b Л. Г.  |4 220 
801 1 |a RU  |b 63413507  |c 20060922  |g PSBO 
801 2 |a RU  |b 63413507  |c 20120511  |g PSBO 
942 |c BK